Państwa leżące nad Morzem Kaspijskim - Statystyki

Ogólne statystyki
  • Ten quiz został rozwiązany 73 razy
  • Średni wynik to 4 z 5
Statystyki odpowiedzi
Państwa % Poprawnych
Rosja
97%
Kazachstan
93%
Azerbejdżan
88%
Iran
82%
Turkmenistan
79%
Nie znaleziono quizów pasujących do podanych kryteriów
Rozkład punktacji
Procent ludzi z każdym wynikiem
Percentyl według liczby udzielonych odpowiedzi
Twoja historia wyników
Nie rozwiązałeś tego quizu